[Event "8. Ciudad los Ã�ngeles 2014"]
[Site "Madrid ESP"]
[Date "2014.04.13"]
[Round "4.20"]
[White "Sotres Menendez, Raul"]
[Black "Martin Rodriguez, Jose Luis"]
[Result "1/2-1/2"]
[WhiteElo "1629"]
[BlackElo "1407"]
[PlyCount "90"]
[EventDate "2014.03.23"]
[EventType "swiss"]
[EventRounds "9"]
[EventCountry "ESP"]
[Source "lmi"]
[SourceDate "2014.03.23"]

1. d4 Nf6 2. c4 e6 3. Nf3 Bb4+ 4. Nc3 Qe7 5. Bf4 c5 6. e3 d5 7. Ne5 cxd4 8.
exd4 O-O 9. Bd3 dxc4 10. Bxc4 Nc6 11. O-O Bxc3 12. bxc3 Nxe5 13. Bxe5 Rd8 14.
Qf3 Nd7 15. Bg3 Qf6 16. Qe4 Qg6 17. Qe3 Nf6 18. Bd3 Nd5 19. Bxg6 Nxe3 20. Bxf7+
Kxf7 21. fxe3+ Kg6 22. Be5 Bd7 23. Rf3 Rf8 24. Rg3+ Kf5 25. Rf1+ Ke4 26. Bxg7
Rxf1+ 27. Kxf1 Kd3 28. Ke1 Rg8 29. Kf2 Rc8 30. d5 exd5 31. Bd4 Rf8+ 32. Ke1 Bb5
33. Rf3 Rxf3 34. gxf3 a5 35. Kd1 a4 36. a3 h5 37. h4 Bd7 38. f4 Bf5 39. Ke1 Kc2
40. Ke2 Kb3 41. Bc5 Kxc3 42. Bb4+ Kc4 43. Kd2 Be4 44. Ke2 Kb5 45. Kd2 Kc4
1/2-1/2

[Event "8. Ciudad los Ã�ngeles 2014"]
[Site "Madrid ESP"]
[Date "2014.04.13"]
[Round "4.21"]
[White "Cortijo Manso, Luis"]
[Black "Ramos Antona, Enrique"]
[Result "1-0"]
[WhiteElo "1561"]
[BlackElo "1629"]
[PlyCount "90"]
[EventDate "2014.03.23"]
[EventType "swiss"]
[EventRounds "9"]
[EventCountry "ESP"]
[Source "lmi"]
[SourceDate "2014.03.23"]

1. d4 d5 2. c4 c6 3. Nf3 Nf6 4. Nbd2 e6 5. g3 g6 6. Bg2 Bg7 7. O-O O-O 8. Re1
Nbd7 9. e4 dxe4 10. Nxe4 Nxe4 11. Rxe4 h6 12. Re1 Kh7 13. Be3 Qc7 14. Bf4 Qb6
15. b3 c5 16. Ne5 Nxe5 17. Bxe5 cxd4 18. Bxg7 Kxg7 19. Rc1 Qc5 20. Qd2 Rb8 21.
b4 Qd6 22. c5 Qd7 23. Red1 Rd8 24. Qf4 f6 25. Qxb8 e5 26. Qxa7 d3 27. Rd2 Qd4
28. Qa3 f5 29. Qb2 Qxb2 30. Rxb2 e4 31. Rd2 Rd4 32. a3 Bd7 33. f3 Bc6 34. fxe4
fxe4 35. Kf2 Kf6 36. Ke3 Ke5 37. Rf1 g5 38. g4 Bd7 39. h3 Be6 40. Rf8 Bd7 41.
Rf7 Bc6 42. Rf5+ Ke6 43. Kxd4 e3 44. Re5+ Kf6 45. Rxe3 Bxg2 1-0

[Event "8. Ciudad los Ã�ngeles 2014"]
[Site "Madrid ESP"]
[Date "2014.04.13"]
[Round "4.22"]
[White "Jimenez Manzano, Emiliano"]
[Black "Melcon Diez, Enrique"]
[Result "0-1"]
[WhiteElo "1481"]
[BlackElo "1606"]
[PlyCount "56"]
[EventDate "2014.03.23"]
[EventType "swiss"]
[EventRounds "9"]
[EventCountry "ESP"]
[Source "lmi"]
[SourceDate "2014.03.23"]

1. e4 c5 2. Nf3 g6 3. d4 cxd4 4. Nxd4 Bg7 5. c3 Nc6 6. Be3 Qa5 7. Nxc6 bxc6 8.
Nd2 Nf6 9. f3 O-O 10. Bd3 Rb8 11. O-O d5 12. Nb3 Qc7 13. exd5 cxd5 14. Qe2 Nh5
15. Qd2 e5 16. Qf2 Nf4 17. Bxf4 exf4 18. Rab1 Rd8 19. Nd4 Bd7 20. Rfe1 Re8 21.
Rxe8+ Rxe8 22. Bb5 Bxd4 23. Qxd4 Bxb5 24. Qxd5 Qb6+ 25. Kh1 Qf2 26. h3 Bf1 27.
Rxf1 Qxf1+ 28. Kh2 Qf2 0-1

[Event "8. Ciudad los Ã�ngeles 2014"]
[Site "Madrid ESP"]
[Date "2014.04.13"]
[Round "4.24"]
[White "Garcia Chica, Eva Maria"]
[Black "Savchuk, Olga"]
[Result "0-1"]
[WhiteElo "1476"]
[BlackElo "1579"]
[PlyCount "50"]
[EventDate "2014.03.23"]
[EventType "swiss"]
[EventRounds "9"]
[EventCountry "ESP"]
[Source "lmi"]
[SourceDate "2014.03.23"]

1. d4 Nf6 2. g3 e6 3. Bg2 d5 4. Nf3 c5 5. e3 Be7 6. O-O O-O 7. b3 Nbd7 8. c4 b6
9. Nc3 Ba6 10. Nd2 Rc8 11. Re1 cxd4 12. exd4 dxc4 13. bxc4 Bxc4 14. Nxc4 Rxc4
15. Qd3 Rc8 16. Bf4 Bb4 17. Rac1 Nd5 18. Bd2 Bxc3 19. Bxc3 N7f6 20. Bd2 Qd7 21.
Bxd5 Qxd5 22. Re5 Qxa2 23. Rce1 Rc2 24. R1e2 Rfc8 25. Bg5 R8c3 0-1

[Event "8. Ciudad los Ã�ngeles 2014"]
[Site "Madrid ESP"]
[Date "2014.04.27"]
[Round "5.1"]
[White "Avendano Mateos, Jose"]
[Black "Cabanas Bravo, Juan Andres"]
[Result "1/2-1/2"]
[WhiteElo "2042"]
[BlackElo "2057"]
[PlyCount "37"]
[EventDate "2014.03.23"]
[EventType "swiss"]
[EventRounds "9"]
[EventCountry "ESP"]
[Source "lmi"]
[SourceDate "2014.03.23"]

1. d4 Nf6 2. Nf3 g6 3. Bf4 Bg7 4. h3 d5 5. e3 O-O 6. Bd3 c5 7. c3 Qb6 8. Qb3
Nc6 9. Qxb6 axb6 10. Nbd2 Be6 11. O-O c4 12. Bc2 Ra6 13. a3 Rfa8 14. e4 b5 15.
Rac1 h6 16. Rfe1 Nd7 17. exd5 Bxd5 18. Be4 e6 19. h4 1/2-1/2

[Event "8. Ciudad los Ã�ngeles 2014"]
[Site "Madrid ESP"]
[Date "2014.04.27"]
[Round "5.2"]
[White "Brull Cortes, Boris"]
[Black "Martinez De Navascues, Francisco"]
[Result "1-0"]
[WhiteElo "2025"]
[BlackElo "1672"]
[PlyCount "71"]
[EventDate "2014.03.23"]
[EventType "swiss"]
[EventRounds "9"]
[EventCountry "ESP"]
[Source "lmi"]
[SourceDate "2014.03.23"]

1. e4 c5 2. Nf3 Nc6 3. d4 cxd4 4. Nxd4 Qc7 5. Nc3 e6 6. Be2 Nf6 7. O-O a6 8.
Be3 Be7 9. f4 d6 10. a4 O-O 11. g4 h6 12. Nxc6 bxc6 13. a5 Nd7 14. Na4 c5 15.
Qd2 Nf6 16. Bf3 Bb7 17. Qg2 d5 18. e5 Nd7 19. c4 Rad8 20. cxd5 exd5 21. Rfd1 d4
22. Bxb7 dxe3 23. Bd5 Nxe5 24. fxe5 Qxe5 25. Nc3 Rd6 26. Bc4 Rd4 27. Bxa6 Rfd8
28. Be2 f5 29. gxf5 Qxf5 30. a6 Bh4 31. a7 Bf2+ 32. Kh1 Kh7 33. a8=Q Rxa8 34.
Rxa8 Rxd1+ 35. Bxd1 Qd3 36. Qe4+ 1-0

[Event "8. Ciudad los Ã�ngeles 2014"]
[Site "Madrid ESP"]
[Date "2014.04.27"]
[Round "5.3"]
[White "Lobato Rivero, Carlos"]
[Black "Fernandez Sanchez, Lorenzo"]
[Result "1/2-1/2"]
[WhiteElo "1999"]
[BlackElo "1793"]
[PlyCount "66"]
[EventDate "2014.03.23"]
[EventType "swiss"]
[EventRounds "9"]
[EventCountry "ESP"]
[Source "lmi"]
[SourceDate "2014.03.23"]

1. e4 c6 2. d4 d5 3. e5 Bf5 4. g4 Bd7 5. Bd3 e6 6. c3 c5 7. Be3 cxd4 8. cxd4
Nc6 9. Nf3 Qb6 10. Qd2 Nb4 11. Be2 Bb5 12. Nc3 Bxe2 13. Qxe2 Rc8 14. O-O h5 15.
g5 Ne7 16. Rac1 Nbc6 17. Nh4 g6 18. a3 Nf5 19. Nxf5 gxf5 20. Na4 Qc7 21. b4 Qd7
22. Qd2 b6 23. Rc3 b5 24. Nb2 Qb7 25. Rfc1 Kd7 26. Nd3 a6 27. Nf4 Be7 28. h4
Na7 29. Rxc8 Nxc8 30. Qe2 Nb6 31. Rc3 Nc4 32. Kh2 Qb8 33. Kh3 Qg8 1/2-1/2

[Event "8. Ciudad los Ã�ngeles 2014"]
[Site "Madrid ESP"]
[Date "2014.04.27"]
[Round "5.5"]
[White "Yeves Miquel, Enrique"]
[Black "Rodriguez Dorado, Victor"]
[Result "0-1"]
[WhiteElo "1742"]
[BlackElo "1989"]
[PlyCount "54"]
[EventDate "2014.03.23"]
[EventType "swiss"]
[EventRounds "9"]
[EventCountry "ESP"]
[Source "lmi"]
[SourceDate "2014.03.23"]

1. d4 Nf6 2. c4 g6 3. Nc3 Bg7 4. e4 d6 5. h3 O-O 6. Bg5 Na6 7. Bd3 Qe8 8. Nge2
e5 9. d5 Nd7 10. a3 f5 11. Qd2 Nac5 12. Bc2 f4 13. f3 Nb6 14. b3 a5 15. Nb5 Qf7
16. Rb1 h6 17. Bh4 g5 18. Bf2 h5 19. Qc3 g4 20. hxg4 hxg4 21. Bxc5 dxc5 22. Kd2
c6 23. Nd6 Qg6 24. Nxc8 Nxc8 25. a4 g3 26. Nc1 cxd5 27. exd5 e4 0-1

[Event "8. Ciudad los Ã�ngeles 2014"]
[Site "Madrid ESP"]
[Date "2014.04.27"]
[Round "5.6"]
[White "Marcos Herrero, Francisco"]
[Black "Vazquez Moreno, Luis"]
[Result "1-0"]
[WhiteElo "1930"]
[BlackElo "1737"]
[PlyCount "47"]
[EventDate "2014.03.23"]
[EventType "swiss"]
[EventRounds "9"]
[EventCountry "ESP"]
[Source "lmi"]
[SourceDate "2014.03.23"]

1. d4 c5 2. d5 Nf6 3. c4 b5 4. cxb5 a6 5. bxa6 g6 6. Nc3 Bxa6 7. g3 d6 8. Bg2
Bg7 9. Nf3 Nbd7 10. Rb1 Nb6 11. b3 O-O 12. O-O Nfd7 13. Bb2 c4 14. b4 Bb7 15.
Nd4 Ne5 16. h3 Nd3 17. exd3 Bxd4 18. dxc4 Bxc3 19. Bxc3 Rxa2 20. Qd4 f6 21. Ra1
Qa8 22. Qxb6 Rxa1 23. Rxa1 Qc8 24. c5 1-0

[Event "8. Ciudad los Ã�ngeles 2014"]
[Site "Madrid ESP"]
[Date "2014.04.27"]
[Round "5.7"]
[White "Crespo Villalba, Israel"]
[Black "Escanciano Reyero, Daniel"]
[Result "1-0"]
[WhiteElo "1895"]
[BlackElo "1575"]
[PlyCount "45"]
[EventDate "2014.03.23"]
[EventType "swiss"]
[EventRounds "9"]
[EventCountry "ESP"]
[Source "lmi"]
[SourceDate "2014.03.23"]

1. e4 c5 2. Nf3 d6 3. d4 cxd4 4. Nxd4 Nf6 5. Nc3 g6 6. Be2 Bg7 7. Be3 O-O 8.
O-O Nc6 9. Nb3 Be6 10. f4 Rc8 11. Bf3 Bc4 12. Rf2 Qc7 13. Rd2 b5 14. a4 a6 15.
axb5 axb5 16. Nd5 Bxd5 17. exd5 Nb8 18. Ra7 Qd8 19. Na5 Nbd7 20. Nc6 Qe8 21. b4
e5 22. fxe5 Nxe5 23. Re7 1-0

[Event "8. Ciudad los Ã�ngeles 2014"]
[Site "Madrid ESP"]
[Date "2014.04.27"]
[Round "5.8"]
[White "Lopez Ziegler, Carlos"]
[Black "Martin Garcia, Francisco Javie"]
[Result "1-0"]
[WhiteElo "1944"]
[BlackElo "1658"]
[PlyCount "73"]
[EventDate "2014.03.23"]
[EventType "swiss"]
[EventRounds "9"]
[EventCountry "ESP"]
[Source "lmi"]
[SourceDate "2014.03.23"]

1. e4 c5 2. Nc3 Nc6 3. f4 g6 4. Nf3 Bg7 5. Bb5 Nd4 6. d3 Nxb5 7. Nxb5 Qb6 8.
Nc3 d6 9. O-O Nh6 10. Nd5 Qd8 11. c3 f5 12. Ne3 Nf7 13. exf5 gxf5 14. d4 b6 15.
d5 Bd7 16. Nh4 e5 17. Nhxf5 Bxf5 18. Nxf5 Bf6 19. fxe5 Bxe5 20. Qg4 Qf6 21.
Qa4+ Kd8 22. Ng3 Qg6 23. Bf4 Bxf4 24. Rxf4 Ne5 25. Qa6 Kc7 26. a4 Rhe8 27. Raf1
h5 28. Rf6 Qg5 29. Qb5 Qe3+ 30. Kh1 Rad8 31. a5 h4 32. Nf5 Qd3 33. axb6+ axb6
34. Rf7+ Nxf7 35. Qc6+ Kb8 36. Qxb6+ Ka8 37. Ra1+ 1-0

[Event "8. Ciudad los Ã�ngeles 2014"]
[Site "Madrid ESP"]
[Date "2014.04.27"]
[Round "5.9"]
[White "Enfedaque Jimenez, Juan Carlos"]
[Black "Tirado Parra, Alberto"]
[Result "0-1"]
[WhiteElo "1745"]
[BlackElo "1939"]
[PlyCount "42"]
[EventDate "2014.03.23"]
[EventType "swiss"]
[EventRounds "9"]
[EventCountry "ESP"]
[Source "lmi"]
[SourceDate "2014.03.23"]

1. e4 e6 2. d4 b6 3. c4 Bb7 4. Nc3 Bb4 5. Bd3 f5 6. d5 fxe4 7. Bxe4 Nf6 8. Bg5
O-O 9. Qc2 exd5 10. Bxh7+ Kh8 11. Nge2 d4 12. Nxd4 Qe8+ 13. Kf1 Nxh7 14. Re1
Qf7 15. Be3 Qxc4+ 16. Kg1 Bxc3 17. bxc3 c5 18. Ne2 Nc6 19. h4 Nb4 20. Qg6 Be4
21. Qg3 Nc2 0-1

[Event "8. Ciudad los Ã�ngeles 2014"]
[Site "Madrid ESP"]
[Date "2014.04.27"]
[Round "5.11"]
[White "Fernandez Moreno, Gerardo"]
[Black "Pindado Campos, Raul"]
[Result "0-1"]
[WhiteElo "1782"]
[BlackElo "1901"]
[PlyCount "42"]
[EventDate "2014.03.23"]
[EventType "swiss"]
[EventRounds "9"]
[EventCountry "ESP"]
[Source "lmi"]
[SourceDate "2014.03.23"]

1. e4 c5 2. Nf3 e6 3. b3 Nc6 4. Bb5 a6 5. Bxc6 bxc6 6. Bb2 d5 7. e5 a5 8. O-O
Ne7 9. Nc3 Nf5 10. d3 Ba6 11. Ba3 Qb6 12. Na4 Qa7 13. c4 Be7 14. g4 Nd4 15.
Nxd4 cxd4 16. Bxe7 Qxe7 17. Nb2 Qh4 18. Qf3 h5 19. gxh5 Rxh5 20. Qg3 Rg5 21.
Qxg5 Qxg5+ 0-1

[Event "8. Ciudad los Ã�ngeles 2014"]
[Site "Madrid ESP"]
[Date "2014.04.27"]
[Round "5.12"]
[White "Ruiz Sanchez, Roberto"]
[Black "Lopez-Andujar Ocana, Ramon"]
[Result "1-0"]
[WhiteElo "1935"]
[BlackElo "1652"]
[PlyCount "67"]
[EventDate "2014.03.23"]
[EventType "swiss"]
[EventRounds "9"]
[EventCountry "ESP"]
[Source "lmi"]
[SourceDate "2014.03.23"]

1. e4 c5 2. Nf3 d6 3. d4 cxd4 4. Nxd4 Nf6 5. Nc3 a6 6. Be2 Qc7 7. O-O Nbd7 8.
a4 e6 9. f4 Be7 10. Kh1 b6 11. Bf3 Bb7 12. Qe1 O-O 13. g4 Rfd8 14. g5 Ne8 15.
h4 Nf8 16. Be3 Rab8 17. Qg3 f6 18. Rf2 Ba8 19. Rg1 Qd7 20. Rfg2 fxg5 21. hxg5
g6 22. Qh3 Ng7 23. Rh2 Rdc8 24. Rd1 Rc7 25. Nb3 Qe8 26. Bd4 Qf7 27. Qg3 Rd7 28.
Rhd2 d5 29. Be5 Rbd8 30. Nd4 dxe4 31. Bxe4 Bxe4+ 32. Nxe4 Nf5 33. Qf2 Bc5 34.
Nf6+ 1-0

[Event "8. Ciudad los Ã�ngeles 2014"]
[Site "Madrid ESP"]
[Date "2014.04.27"]
[Round "5.14"]
[White "Ballesteros Jimenez, Miguel A"]
[Black "Canseco Arenas, Alfonso"]
[Result "1-0"]
[WhiteElo "1609"]
[BlackElo "1737"]
[PlyCount "95"]
[EventDate "2014.03.23"]
[EventType "swiss"]
[EventRounds "9"]
[EventCountry "ESP"]
[Source "lmi"]
[SourceDate "2014.03.23"]

1. Nf3 c5 2. c4 Nc6 3. g3 e5 4. Nc3 g6 5. Bg2 Bg7 6. O-O Nge7 7. d3 O-O 8. Rb1
d6 9. Bg5 h6 10. Bc1 Kh7 11. a3 f5 12. e3 Be6 13. Nd2 f4 14. b4 fxg3 15. fxg3
Qd7 16. Nde4 Rxf1+ 17. Bxf1 b6 18. Bg2 Rf8 19. Bd2 Nf5 20. Qa4 Nfe7 21. Nb5 d5
22. cxd5 Bxd5 23. bxc5 Bxe4 24. Bxe4 bxc5 25. Nxa7 Qxa7 26. Bxc6 Qxa4 27. Bxa4
Ra8 28. Bb5 Rxa3 29. Bc4 Nf5 30. Rb5 Nd6 31. Rxc5 Nxc4 32. dxc4 Ra2 33. Rd5 Rc2
34. c5 g5 35. Ba5 Kg6 36. Bb6 Kf5 37. Rd1 Ke4 38. Rf1 Kxe3 39. c6+ Kd3 40. c7
e4 41. Re1 Bd4+ 42. Bxd4 Kxd4 43. Rd1+ Ke3 44. Rd7 Kf3 45. Rf7+ Kg4 46. Re7 Kf3
47. Rf7+ Ke2 48. Rf2+ 1-0

[Event "8. Ciudad los Ã�ngeles 2014"]
[Site "Madrid ESP"]
[Date "2014.04.27"]
[Round "5.15"]
[White "Benitez Cadenas, Luis Miguel"]
[Black "Cortijo Manso, Luis"]
[Result "1-0"]
[WhiteElo "1695"]
[BlackElo "1561"]
[PlyCount "77"]
[EventDate "2014.03.23"]
[EventType "swiss"]
[EventRounds "9"]
[EventCountry "ESP"]
[Source "lmi"]
[SourceDate "2014.03.23"]

1. Nf3 Nf6 2. d4 g6 3. c4 c5 4. d5 b5 5. cxb5 a6 6. bxa6 Bxa6 7. g3 d6 8. Bg2
Bg7 9. Nc3 Nbd7 10. Rb1 O-O 11. O-O Qa5 12. Qc2 Rfb8 13. b3 Ng4 14. Bd2 Qa3 15.
Qe4 Nge5 16. Nxe5 Bxe5 17. f4 Bf6 18. f5 Rb4 19. Qf3 Ne5 20. Qf2 Ng4 21. Qe1
Bd4+ 22. Kh1 Ne3 23. Bxe3 Bxe3 24. fxg6 hxg6 25. Rf3 Bd4 26. Qc1 Qxc1+ 27. Rxc1
Bxc3 28. Rfxc3 Rab8 29. e4 Kg7 30. e5 R4b6 31. Rf3 Rb4 32. Bf1 Bxf1 33. Rcxf1
Rf8 34. exd6 exd6 35. Rf4 Rb6 36. Re4 Ra6 37. Rf2 Rfa8 38. Re7 R8a7 39. Rfxf7+
1-0

[Event "8. Ciudad los Ã�ngeles 2014"]
[Site "Madrid ESP"]
[Date "2014.04.27"]
[Round "5.16"]
[White "Melcon Diez, Enrique"]
[Black "Head Ladeveze, Jorge"]
[Result "0-1"]
[WhiteElo "1606"]
[BlackElo "1655"]
[PlyCount "100"]
[EventDate "2014.03.23"]
[EventType "swiss"]
[EventRounds "9"]
[EventCountry "ESP"]
[Source "lmi"]
[SourceDate "2014.03.23"]

1. c4 Nf6 2. Nc3 e6 3. e4 d6 4. d4 Be7 5. f4 e5 6. dxe5 dxe5 7. Qxd8+ Bxd8 8.
fxe5 Nfd7 9. Nf3 Nc6 10. Bf4 O-O 11. O-O-O Nc5 12. Be2 h6 13. h4 Bg4 14. Nd2
Bxe2 15. Nxe2 Nd3+ 16. Kb1 Nf2 17. Nf3 Nxh1 18. Rxh1 Be7 19. g4 f6 20. exf6
Bxf6 21. g5 hxg5 22. hxg5 Be7 23. Nh4 Bd6 24. Ng6 Rfe8 25. e5 Nxe5 26. Bxe5
Bxe5 27. Rh8+ Kf7 28. Nxe5+ Ke6 29. Rxe8+ Rxe8 30. Nf3 Kf5 31. Ned4+ Ke4 32. b4
Rf8 33. Kc2 Rxf3 34. Nxf3 Kxf3 35. g6 Ke4 36. Kc3 Kf5 37. a4 Kxg6 38. b5 b6 39.
c5 Kf5 40. a5 bxa5 41. Kb3 g5 42. Ka4 g4 43. Kxa5 g3 44. Ka6 g2 45. Kxa7 g1=Q
46. b6 cxb6 47. Kxb6 Qb1+ 48. Kc7 Ke6 49. c6 Qb5 50. Kd8 Qb8# 0-1

[Event "8. Ciudad los Ã�ngeles 2014"]
[Site "Madrid ESP"]
[Date "2014.04.27"]
[Round "5.17"]
[White "Salgado Duarte, Pablo"]
[Black "Palomares Monreal, Francisco J"]
[Result "0-1"]
[WhiteElo "1556"]
[BlackElo "1651"]
[PlyCount "108"]
[EventDate "2014.03.23"]
[EventType "swiss"]
[EventRounds "9"]
[EventCountry "ESP"]
[Source "lmi"]
[SourceDate "2014.03.23"]

1. d4 Nf6 2. c4 g6 3. Nc3 Bg7 4. Nf3 d6 5. h3 O-O 6. e4 e5 7. Bg5 exd4 8. Nxd4
h6 9. Bh4 g5 10. Bg3 Re8 11. f3 Nh5 12. Bh2 f5 13. Be2 f4 14. Qd3 Nc6 15. Nxc6
bxc6 16. Rc1 Rb8 17. b3 Be6 18. Bd1 d5 19. cxd5 cxd5 20. Kf2 c6 21. Na4 dxe4
22. Qxd8 Rbxd8 23. fxe4 Nf6 24. Bf3 Rd2+ 25. Kf1 Rxa2 26. Nc5 Nd7 27. Nxe6 Rxe6
28. Bg1 Nf6 29. h4 Nxe4 30. Bxe4 Rxe4 31. hxg5 hxg5 32. Rd1 Kf7 33. Bc5 Ra1 34.
Rxa1 Bxa1 35. Bxa7 Kg6 36. Kf2 Bd4+ 37. Bxd4 Rxd4 38. Rc1 Rd6 39. Rc3 Kf5 40.
g3 Kg4 41. gxf4 gxf4 42. Rc2 Rh6 43. Rc3 Rh2+ 44. Kg1 Rb2 45. Rxc6 Rxb3 46. Rc2
Rh3 47. Rd2 f3 48. Rd4+ Kg3 49. Rd2 Rh4 50. Rc2 Rd4 51. Rc1 Rd2 52. Rb1 Rg2+
53. Kh1 Rh2+ 54. Kg1 f2+ 0-1

[Event "8. Ciudad los Ã�ngeles 2014"]
[Site "Madrid ESP"]
[Date "2014.04.27"]
[Round "5.18"]
[White "Sancinena Arpide, Juan"]
[Black "Huerto Moreno, Jorge"]
[Result "0-1"]
[WhiteElo "1622"]
[BlackElo "1534"]
[PlyCount "90"]
[EventDate "2014.03.23"]
[EventType "swiss"]
[EventRounds "9"]
[EventCountry "ESP"]
[Source "lmi"]
[SourceDate "2014.03.23"]

1. e4 e5 2. f4 d5 3. exd5 Qxd5 4. Nc3 Qe6 5. Nf3 Nc6 6. Bb5 exf4+ 7. Kf2 Be7 8.
d4 Nf6 9. Re1 Qd6 10. Bxc6+ bxc6 11. Ne4 Nxe4+ 12. Rxe4 O-O 13. Bxf4 Qf6 14.
Bxc7 Bd6 15. Bxd6 Qxd6 16. Qe2 Bf5 17. Re5 Bg4 18. c3 f6 19. Re3 Bxf3 20. Qxf3
Qxh2 21. Qxc6 Qh4+ 22. Kg1 Qg5 23. Rae1 Rab8 24. b3 h5 25. d5 Rb6 26. Qd7 Rbb8
27. Re8 Rbxe8 28. Rxe8 Qc1+ 29. Kh2 Qf4+ 30. Kh3 Qg4+ 31. Qxg4 hxg4+ 32. Kxg4
Rxe8 33. Kf5 Kf7 34. c4 g6+ 35. Kf4 Re5 36. g4 g5+ 37. Kf3 Ke7 38. b4 Kd7 39.
a4 a6 40. a5 Kc7 41. b5 axb5 42. cxb5 Rxd5 43. b6+ Kb7 44. a6+ Kxa6 45. Ke4
Re5+ 0-1

[Event "8. Ciudad los Ã�ngeles 2014"]
[Site "Madrid ESP"]
[Date "2014.04.27"]
[Round "5.20"]
[White "Martin Rodriguez, Jose Luis"]
[Black "Perez Bruni, Alfredo"]
[Result "0-1"]
[WhiteElo "1407"]
[BlackElo "1721"]
[PlyCount "74"]
[EventDate "2014.03.23"]
[EventType "swiss"]
[EventRounds "9"]
[EventCountry "ESP"]
[Source "lmi"]
[SourceDate "2014.03.23"]

1. e4 g6 2. d4 Bg7 3. Nf3 d6 4. Nc3 Nf6 5. Bc4 O-O 6. Bg5 c6 7. Bb3 Bg4 8. h3
Bxf3 9. Qxf3 Qa5 10. Bd2 Qc7 11. O-O-O Nbd7 12. Bg5 c5 13. a3 cxd4 14. Rxd4 Nc5
15. Rc4 Qa5 16. Bd2 Qa6 17. Nd5 Nxd5 18. exd5 Rac8 19. Ba2 Na4 20. Rb4 b5 21.
Qd3 Rb8 22. Be3 Qb7 23. h4 a5 24. Rg4 Bxb2+ 25. Kd2 Bg7 26. h5 Nc5 27. Bxc5
dxc5 28. hxg6 hxg6 29. Qh3 Rfd8 30. Rh4 Rxd5+ 31. Kc1 Rh5 32. Qg3 Rxh4 33. Rxh4
c4 34. Rf4 Rd8 35. Rg4 Qd5 36. Qf3 Qd2+ 37. Kb1 Qe1+ 0-1

[Event "8. Ciudad los Ã�ngeles 2014"]
[Site "Madrid ESP"]
[Date "2014.04.27"]
[Round "5.23"]
[White "Ramos Antona, Enrique"]
[Black "Andradas Encabo, Victor"]
[Result "0-1"]
[WhiteElo "1629"]
[BlackElo "1749"]
[PlyCount "52"]
[EventDate "2014.03.23"]
[EventType "swiss"]
[EventRounds "9"]
[EventCountry "ESP"]
[Source "lmi"]
[SourceDate "2014.03.23"]

1. d4 d5 2. c4 e5 3. Nf3 Nc6 4. e3 Bg4 5. Be2 Bxf3 6. Bxf3 Nf6 7. O-O e4 8. Be2
Be7 9. cxd5 Nxd5 10. Nc3 f5 11. Bc4 Nf6 12. a3 Bd6 13. h3 g5 14. Be6 Ne7 15.
Nb5 h5 16. f4 gxf4 17. exf4 c6 18. Nc3 Bc7 19. Ne2 Qd6 20. Ba2 Ned5 21. Ng3 Qd7
22. Bxd5 Qxd5 23. Be3 h4 24. Ne2 Rg8 25. Bf2 e3 26. Bxh4 Qxg2# 0-1

[Event "8. Ciudad los Ã�ngeles 2014"]
[Site "Madrid ESP"]
[Date "2014.04.27"]
[Round "5.25"]
[White "Blanco Plana, Arturo"]
[Black "Jimenez Manzano, Emiliano"]
[Result "0-1"]
[WhiteElo "1730"]
[BlackElo "1481"]
[PlyCount "64"]
[EventDate "2014.03.23"]
[EventType "swiss"]
[EventRounds "9"]
[EventCountry "ESP"]
[Source "lmi"]
[SourceDate "2014.03.23"]

1. e4 c5 2. Nf3 d6 3. Nc3 Nc6 4. Bb5 a6 5. Bxc6+ bxc6 6. O-O g6 7. d3 Bg7 8. h3
Nf6 9. Bg5 O-O 10. Ne2 Nd7 11. c3 a5 12. a4 Ba6 13. Rb1 Ne5 14. Nxe5 Bxe5 15.
Re1 Bg7 16. c4 h6 17. Be3 Rb8 18. b3 e6 19. Qd2 Kh7 20. Rf1 Rb4 21. Ng3 Qe7 22.
d4 Rfb8 23. Qd3 Bxd4 24. Bxd4 cxd4 25. Qxd4 Rxb3 26. Rxb3 Rxb3 27. Ra1 c5 28.
Qd2 Qf6 29. Ra2 Bxc4 30. Qxd6 Rb1+ 31. Nf1 Bxa2 32. Qxc5 Qa1 0-1

[Event "8. Ciudad los Ã�ngeles 2014"]
[Site "Madrid ESP"]
[Date "2014.05.04"]
[Round "6.1"]
[White "Cabanas Bravo, Juan Andres"]
[Black "Marcos Herrero, Francisco"]
[Result "0-1"]
[WhiteElo "2057"]
[BlackElo "1930"]
[PlyCount "68"]
[EventDate "2014.03.23"]
[EventType "swiss"]
[EventRounds "9"]
[EventCountry "ESP"]
[Source "lmi"]
[SourceDate "2014.03.23"]

1. e4 c5 2. Nf3 Nc6 3. d4 cxd4 4. Nxd4 g6 5. Nc3 Bg7 6. Be3 Nf6 7. Nxc6 bxc6 8.
e5 Ng8 9. f4 Nh6 10. Bd3 d6 11. Qf3 O-O 12. exd6 exd6 13. O-O Re8 14. Qxc6 Rb8
15. Bxa7 Rxb2 16. Ne2 Bb7 17. Qa4 Qa8 18. Rab1 Bc6 19. Qa6 Bxg2 20. Bd4 Qxa6
21. Bxa6 Bxf1 22. Bxb2 Bxe2 23. Bxg7 Kxg7 24. Bxe2 Rxe2 25. a4 Rxc2 26. Ra1 Rc6
27. Kf2 Nf5 28. a5 Ra6 29. Ra4 Kf6 30. Ke2 Ke6 31. Kd3 Kd5 32. Kc3 Kc5 33. Rc4+
Kb5 34. Rc7 Rc6+ 0-1

[Event "8. Ciudad los Ã�ngeles 2014"]
[Site "Madrid ESP"]
[Date "2014.05.04"]
[Round "6.2"]
[White "Rodriguez Dorado, Victor"]
[Black "Avendano Mateos, Jose"]
[Result "1/2-1/2"]
[WhiteElo "1989"]
[BlackElo "2042"]
[PlyCount "58"]
[EventDate "2014.03.23"]
[EventType "swiss"]
[EventRounds "9"]
[EventCountry "ESP"]
[Source "lmi"]
[SourceDate "2014.03.23"]

1. e4 c6 2. d4 d5 3. e5 Bf5 4. Nf3 e6 5. Be2 c5 6. Be3 Qb6 7. Nc3 c4 8. O-O Bb4
9. Na4 Qc6 10. c3 Ba5 11. b4 Bd8 12. Nb2 Ne7 13. a4 a5 14. b5 Qc7 15. h4 Bg4
16. Nh2 Bxe2 17. Qxe2 h5 18. Bg5 Nf5 19. Nf3 Nd7 20. Nd1 Bxg5 21. hxg5 g6 22.
Ne3 Nb6 23. Nxf5 gxf5 24. Nh4 O-O-O 25. f4 Rdg8 26. Rf3 Nd7 27. Qb2 b6 28. Qc2
Nf8 29. Re1 Qd7 1/2-1/2

[Event "8. Ciudad los Ã�ngeles 2014"]
[Site "Madrid ESP"]
[Date "2014.05.04"]
[Round "6.3"]
[White "Gil Sierra, Jacinto"]
[Black "Lobato Rivero, Carlos"]
[Result "0-1"]
[WhiteElo "2037"]
[BlackElo "1999"]
[PlyCount "70"]
[EventDate "2014.03.23"]
[EventType "swiss"]
[EventRounds "9"]
[EventCountry "ESP"]
[Source "lmi"]
[SourceDate "2014.03.23"]

1. e4 g6 2. d4 Bg7 3. Nf3 d6 4. c3 Nf6 5. Bd3 O-O 6. O-O c5 7. h3 cxd4 8. cxd4
d5 9. e5 Nfd7 10. Nc3 Nb6 11. Bf4 Nc6 12. Rc1 a6 13. Na4 Nxa4 14. Qxa4 f6 15.
Rfe1 fxe5 16. Bxe5 Bxh3 17. Bxg7 Kxg7 18. Ng5 Bc8 19. Qa3 e5 20. Rxc6 bxc6 21.
Rxe5 Re8 22. Rxe8 Qxe8 23. Qd6 Ra7 24. g3 Re7 25. b4 Re1+ 26. Kg2 Bg4 27. Qf4
Bd1 28. a3 h6 29. Nh3 Qf7 30. Bxa6 Qxf4 31. Nxf4 Ba4 32. Bd3 g5 33. Nh5+ Kf7
34. f4 Ra1 35. Bh7 Bd1 0-1